000 00370nam a2200145Ia 4500
008 150201s1985 xx 000 0 und d
082 _a617.6
_bF 1985B
100 _aBASRANI,ENRIQUE
245 _aFRACTURES OF THE TEETH
250 _a1ST
260 _bLEA & FEBIGER PUBLICATION
_aPHILADELPHIA(U.K)
_c1985
300 _a1-156
650 _aORAL SURGERY
942 _2ddc
_cBK
999 _c3802
_d3802